000 00907cam a2200301 4500
001 49753
003 BD-RJUL
005 20211209054726.0
008 160822s1969 nju b 001 0 eng
035 _aBD-RJUL 49873
035 _a(OCoLC)00012769
035 _aGLIS00511483
040 _aDLC
_cDLC
_dOCL
_dm.c.
_dRCD
_beng
041 _aeng
082 _223
_a370.944
_bTAP 1969
090 _aLA691.8
_b.T142
099 _aLA691.8.T142
100 1 _aTalbott, John E.
_9149148
245 1 4 _aThe politics of educational reform in France, 1918-1940 /
_cby John E. Talbott.
260 _aPrinceton, N.J. :
_bPrinceton Univ. Press,
_c1969.
300 _ax, 283 p. ;
_c23 cm.
504 _aIncludes bibliographical references.
650 0 _aEducational innovations
_zFrance.
_9149149
650 0 _aEducation
_zFrance
_xHistory.
_9149150
942 _2ddc
_cBK
949 _aMYGD
999 _c49753
_d49753